| 000 | 00935nam0a22002651 4500 | ||
|---|---|---|---|
| 001 | RU\INFOCOMM_486\NLR\5000002927 | ||
| 005 | 20250614081036.0 | ||
| 035 | _a(NLR Aleph) 010625702 | ||
| 090 |
_a10618246 _c10618246 |
||
| 100 | _a20130328d1952 |||y0rusy50 ca | ||
| 101 | 0 | _afre | |
| 102 | _aRU | ||
| 105 | _ay z|||| | ||
| 200 | 1 | _aRapport sur les directives du XIX-e Congrès du parti concernant le cinquième plan quinquennal pour le développement de l'URSS (1951-1955) le 8 octobre 1952 | |
| 210 |
_aM. _cEd. en langues étrangères _d1952 |
||
| 215 |
_a67 с. _cпортр. _d19 см |
||
| 620 | _aМосква | ||
| 686 |
_aВКП(История) _2rubbk |
||
| 700 | 1 |
_aSaburov _bM. Z. _gMaksim Zacharovič |
|
| 712 | 0 | 2 |
_aParti communiste de l'Union Soviétique _bCongrès _d19 _eMoscou _f1952 _4570 |
| 801 | 1 |
_aRU _bInfocomm _c20130328 |
|
| 801 | 0 |
_aRU _bINFOCOMM _gPSBO |
|
| 852 |
_aNLR _jИп31 Г-4/38 |
||
| 942 | _cBOOK | ||
| 980 | _aNB | ||